000 00189 a2200097 4500
020 _a9788447800667
041 _aspa
100 _aEileen Cadman
245 _aEl principe pinchon
942 _cK
999 _c28772
_d28772